Tarımsal yapılar ve kapitalizm (Record no. 7185)
[ view plain ]
| 000 -BAŞLIK | |
|---|---|
| Sabit Uzunlukta Kontrol Alanı | 00706na a2200253 4500 |
| 001 - KONTROL NUMARASI | |
| Denetim Alanı | 20389 |
| 003 - KONTROL NUMARASI IDENTIFIER | |
| Denetim Alanı | MIRAKIL |
| 005 - SON İŞLEM TARİHİ VE ZAMANI | |
| Denetim Alanı | 20181213155130.0 |
| 008 - SABİT-BOY VERİ ELEMANLARI - GENEL BİLGİLER | |
| Sabit Uzunlukta Kontrol Alanı | 170119b tu 000 0 |
| 035 ## - SİSTEM KONTROL NUMARASI | |
| Sistem Kontrol Numarası | 20389 |
| 040 ## - KATALOGLAMA KAYNAK | |
| Orijinal Kataloglama Ajansı | Milas |
| Kataloglama Dili | tur |
| Metne Dönüştürmek Ajansı | TR-AnCHP |
| 041 ## - DİL KODU | |
| Metin / Ses Parça Veya Ayrı Başlığın Dil Kodu | tur |
| 082 ## - DEWEY ONLU SINIFLANDIRMA NUMARASI | |
| Sınıflandırma Numarası | 330.1 |
| Ürün Numarası | B66t 1981 |
| 090 ## - SINIFLAMA NUMARASI | |
| Sınıflama Numarası | 330.1 B66t 1981 |
| 100 ## - ANA GİRİŞ - KİŞİSEL İSİM | |
| Kişisel Ad | Boratav, Korkut |
| 245 ## - BAŞLIK TABLOSU | |
| Başlık | Tarımsal yapılar ve kapitalizm |
| Sorumluluk Tablosu, Vb | Korkut Boratav |
| 260 ## - YAYIN, DAĞITIM, VB | |
| Yayın, Dağıtım, Vb Yeri | Ankara |
| Yayıncı, Dağıtıcı, Vs Adı | Birikim yayınları |
| Yayın, Dağıtım, Vb Tarihi | 1981 |
| 300 ## - FİZİKSEL TANIM | |
| Kapsam | 199 s. |
| Diğer Fiziksel Ayrıntıları | tbl. |
| Boyutlar | 19 sm. |
| 440 ## - SERİSİ TABLOSU / KATMA GİRİŞİ - BAŞLIK | |
| Başlık | Birikim yayınları |
| Bir İşin Parçası / Bölümün İsmi | Yerli araştırmalar |
| Hacim / Ardışık Tanımı | 5 |
| 504 ## - KAYNAKÇA VB NOT | |
| Kaynakça Vb Notu | Kaynakça var. |
| 650 ## - KONU KATMA GİRİŞ - TOPİKAL DÖNEM | |
| Topikal Süreli Veya Coğrafi Ad Giriş Elemanı | Ekonomik sistemler |
| Genel Alt Bölümü | Kapitalizm |
| 650 ## - KONU KATMA GİRİŞ - TOPİKAL DÖNEM | |
| Topikal Süreli Veya Coğrafi Ad Giriş Elemanı | Tarım |
| Genel Alt Bölümü | Ekonomik açı |
| 942 ## - EKLENDİ GİRİŞ ELEMANLARI (KOHA) | |
| Sınıflandırma Veya Raf Düzeni Kaynak | Dewey Decimal Classification |
| Koha Öğesi Türü | Books |
| 999 ## - SİSTEM KONTROL NUMARALARI (KOHA) | |
| Koha Biblionumber | 7185 |
| Koha Biblioitemnumber | 7185 |
| Kalıcı Konum | Mevcut Konum | Edinme Tarihi | Edinim Kaynak | Toplam Check-Out'Lar | Tam Çağrı Numarası | Barkod | Tarih Son Görülme | İtibaren Geçerli Fiyatlar | Koha Öğesi Türü |
|---|---|---|---|---|---|---|---|---|---|
| CHP Kütüphanesi | CHP Kütüphanesi | 01/18/2017 | Bağış | 330.1 B66t 1981 | 012015 | 01/18/2017 | 01/18/2017 | Books |
